000 01150nam a22002657a 4500
003 BD-DhSAU
005 20190110105309.0
008 160620b2015 bg ||||| |||| 001 0 eng d
040 _aBD-DhSAU
082 _222
_a631.4
_bM5803
100 _aMia, Md. Azim
_4REGISTRATION NO. # 09-03286
245 _aEffect of different combinations of phosphorus and boron on growth and yield of a selected BARI Mung-6 /
_bMS thesis
_c Md. Azim Mia
260 _aSher-e-Bangla Agricultural University :
_bDepartment of Soil Science,
_c2015.
300 _aviii, 69 p. :
_bill. ;
_c30 cm.
500 _aMS thesis of Department of Soil Science , Faculty of Agriculture, Sher-e-Bangla Agricultural University, Dhaka, Bangladesh
504 _aIncludes reference
590 _aKamim
650 _aSoil Science
650 _aEffect of different combinations of phosphorus and boron
650 _agrowth and yield of a selected BARI Mung-6
700 _aJahan, Mst. Afrose
_eSupervisor
700 _aShahriar, Syfullah
_eCo-supervisor
856 _uhttp://archive.saulibrary.edu.bd:8080/xmlui/handle/123456789/1363
_yOnline Access
942 _2ddc
_cTHESIS
999 _c13779
_d13778